Deutsche Königspfalzen / Bd. 7 Zentren herrschaftlicher Repräsentation im Hochmittelalter : Geschichte, Architektur und Zeremoniell; [... zweites Pfalzkolloquium, das vom 8. bis zum 10. Oktober 2003 ... in Paderborn veranstaltet wurde] / hrsg. von Caspar Ehlers ...

Saved in:
Bibliographic Details
Other Authors: Ehlers, Caspar (Editor)
Format: Conference Paper
Language:German
French
Published: Göttingen Vandenhoeck & Ruprecht 2007
Series:Veröffentlichungen des Max-Planck-Instituts für Geschichte 11,7
In: Deutsche Königspfalzen

Volumes / Articles: Show Volumes / Articles.
Subjects:
Online Access:Inhaltsverzeichnis: https://swbplus.bsz-bw.de/bsz258953519inh.htm
Get full text

MARC

LEADER 00000cam a2200000 cc4500
001 1328953513
003 DE-627
005 20250612082021.0
007 tu
008 061115s2007 xx ||||| 00| ||ger c
020 |a 3525365217  |9 3-525-36521-7 
020 |a 9783525365212  |9 978-3-525-36521-2 
035 |a (DE-627)1328953513 
035 |a (DE-576)258953519 
035 |a (DE-599)BSZ258953519 
035 |a (OCoLC)315495598 
040 |a DE-627  |b ger  |c DE-627  |e rakwb 
041 |a ger  |a fre 
084 |a 45  |2 sdnb 
084 |a 63  |2 sdnb 
084 |a 9,10  |2 ssgn 
084 |a ND 9300  |2 rvk  |0 (DE-625)rvk/125179: 
245 0 0 |a Deutsche Königspfalzen  |n Bd. 7  |p Zentren herrschaftlicher Repräsentation im Hochmittelalter : Geschichte, Architektur und Zeremoniell; [... zweites Pfalzkolloquium, das vom 8. bis zum 10. Oktober 2003 ... in Paderborn veranstaltet wurde] / hrsg. von Caspar Ehlers ... 
264 1 |a Göttingen  |b Vandenhoeck & Ruprecht  |c 2007 
300 |a 240 S.  |b Ill., graph. Darst., Kt. 
336 |a Text  |b txt  |2 rdacontent 
337 |a ohne Hilfsmittel zu benutzen  |b n  |2 rdamedia 
338 |a Band  |b nc  |2 rdacarrier 
490 1 |a Veröffentlichungen des Max-Planck-Instituts für Geschichte  |v 11,7 
500 |a Beitr. teilw. dt., teilw. franz 
583 1 |a Archivierung/Langzeitarchivierung gewährleistet  |f SSG  |x XA-DE-BW  |2 pdager  |5 DE-16 
655 7 |a Konferenzschrift  |0 (DE-588)1071861417  |0 (DE-627)826484824  |0 (DE-576)433375485  |2 gnd-content 
700 1 |a Ehlers, Caspar  |d 1964-  |e Hrsg.  |0 (DE-588)142227056  |0 (DE-627)634786849  |0 (DE-576)175314101  |4 edt 
773 1 8 |w (DE-627)1072560518  |w (DE-576)002560518  |g 7  |q 7  |7 nnam  |a Deutsche Königspfalzen 
787 0 8 |i Rezension  |a Strickhausen, Gerd, 1962 -   |t [Rezension von: Caspar Ehlers (Hrsg.), Zentren Herrschaftlicher Repräsentation im Hochmittelalter - Geschichte, Architektur und Zeremoniell]  |d Braubach : Europäisches Burgeninstitut, 2007  |w (DE-627)1676184317 
810 2 |a Max-Planck-Institut für Geschichte  |t Veröffentlichungen des Max-Planck-Instituts für Geschichte  |v 11,7  |9 11,7  |w (DE-627)129297097  |w (DE-576)000179094  |w (DE-600)121375-1  |x 0436-1180  |7 am 
856 4 2 |u https://swbplus.bsz-bw.de/bsz258953519inh.htm  |m V:DE-576  |q application/pdf  |v 2007-04-05  |3 Inhaltsverzeichnis 
936 r v |a ND 9300  |b Burgen- und Schlösserkunde  |k Geschichte  |k Historische Hilfswissenschaften  |k Varia  |k Burgen- und Schlösserkunde  |0 (DE-627)1270962639  |0 (DE-625)rvk/125179:  |0 (DE-576)200962639 
951 |a MV 
992 |a 20151022 
999 |a KXP-PPN1328953513  |e 2866085639 
BIB |a Y 
SPR |a Y 
JSO |a {"title":[{"title":"Zentren herrschaftlicher Repräsentation im Hochmittelalter","subtitle":"Geschichte, Architektur und Zeremoniell; [... zweites Pfalzkolloquium, das vom 8. bis zum 10. Oktober 2003 ... in Paderborn veranstaltet wurde] / hrsg. von Caspar Ehlers ..."}],"physDesc":[{"noteIll":"Ill., graph. Darst., Kt.","extent":"240 S."}],"origin":[{"publisherPlace":"Göttingen","dateIssuedKey":"2007","publisher":"Vandenhoeck & Ruprecht","dateIssuedDisp":"2007"}],"language":["ger","fre"],"note":["Beitr. teilw. dt., teilw. franz"],"recId":"1328953513","id":{"isbn":["3525365217","9783525365212"],"eki":["1328953513"]},"type":{"bibl":"book"},"person":[{"family":"Ehlers","given":"Caspar","display":"Ehlers, Caspar","role":"edt"}],"relRef":[{"note":["Rezension: Strickhausen, Gerd, 1962 - : [Rezension von: Caspar Ehlers (Hrsg.), Zentren Herrschaftlicher Repräsentation im Hochmittelalter - Geschichte, Architektur und Zeremoniell]. - Braubach : Europäisches Burgeninstitut, 2007 "],"id":{"eki":["1676184317"]}}],"relMultPart":[{"title":[{"subtitle":"Beiträge zu ihrer historischen und archäologischen Erforschung","title":"Deutsche Königspfalzen","title_sort":"Deutsche Königspfalzen"}],"origin":[{"dateIssuedKey":"1963","publisher":"Vandenhoeck & Ruprecht","publisherPlace":"Göttingen","dateIssuedDisp":"1963-"}],"type":{"bibl":"edited-book"},"language":["ger"],"part":{"number":["7"],"number_sort":["7"]},"id":{"eki":["1072560518"]},"recId":"1072560518","ga":1},{"dispAlt":"Max-Planck-Institut für Geschichte: Veröffentlichungen des Max-Planck-Instituts für Geschichte","ga":1,"recId":"129297097","id":{"eki":["129297097"],"issn":["0436-1180"],"zdb":["121375-1"]},"disp":"Veröffentlichungen des Max-Planck-Instituts für Geschichte","type":{"bibl":"serial"},"pubHistory":["1.1972; 2.1958 - 238.2008; damit Ersch. eingest."],"part":{"number":["11,7"],"number_sort":["11,7"]},"corporate":[{"display":"Max-Planck-Institut für Geschichte","role":"aut"}],"titleAlt":[{"title":"MPIG"}],"language":["ger"],"physDesc":[{"noteFormat":"25 cm"}],"origin":[{"publisher":"Vandenhoeck & Ruprecht","dateIssuedKey":"1958","publisherPlace":"Göttingen","dateIssuedDisp":"1958-2008"}],"title":[{"title":"Veröffentlichungen des Max-Planck-Instituts für Geschichte","title_sort":"Veröffentlichungen des Max-Planck-Instituts für Geschichte"}]}]} 
SRT |a DEUTSCHEKOENIGSPFALZ72007